Microsoft Office Project 2007 step by step / (Record no. 1426)

MARC details
000 -LEADER
fixed length control field 00666nam a2200205 ar4500
001 - CONTROL NUMBER
control field 1428
005 - DATE AND TIME OF LATEST TRANSACTION
control field 20221127090221.0
008 - FIXED-LENGTH DATA ELEMENTS--GENERAL INFORMATION
fixed length control field 090808s xxua 00110|eng d
020 ## - INTERNATIONAL STANDARD BOOK NUMBER
International Standard Book Number 0735623058(pbk) :
Terms of availability SR144.00
082 04 - DEWEY DECIMAL CLASSIFICATION NUMBER
Classification number 005.5
Item number C392 2007
100 1# - MAIN ENTRY--PERSONAL NAME
Personal name Chatfield, Carl.
245 10 - TITLE STATEMENT
Title Microsoft Office Project 2007 step by step /
Statement of responsibility, etc. Carl Chatfield, Timothy Johnson.
260 ## - PUBLICATION, DISTRIBUTION, ETC.
Place of publication, distribution, etc. Redmond, WA :
Name of publisher, distributor, etc. Microsoft Press,
Date of publication, distribution, etc. 2007.
300 ## - PHYSICAL DESCRIPTION
Extent xlviii, 507 p. :
Other physical details ill ;
Dimensions 23 cm
Accompanying material 3CD.
500 ## - GENERAL NOTE
General note Includes index.
650 #4 - SUBJECT ADDED ENTRY--TOPICAL TERM
Topical term or geographic name entry element Microsoft Office.
650 #4 - SUBJECT ADDED ENTRY--TOPICAL TERM
Topical term or geographic name entry element Web sites
General subdivision Design.
650 #4 - SUBJECT ADDED ENTRY--TOPICAL TERM
Topical term or geographic name entry element Project management
General subdivision Computer programs.
700 0# - ADDED ENTRY--PERSONAL NAME
Personal name Johnson, Timothy,
Relator term jt. auth.
Holdings
Withdrawn status Lost status Source of classification or shelving scheme Damaged status Not for loan Home library Current library Date acquired Total Checkouts Full call number Barcode Date last seen Copy number Price effective from Koha item type
              11/27/2022   005.5 C392 2007 1000000011075 11/27/2022 C4 11/27/2022 Book
          CENTRAL CENTRAL 11/27/2022   005.5 C392 2007 1000000004384 11/27/2022 C1 11/27/2022 Book
          CENTRAL CENTRAL 11/27/2022   005.5 C392 2007 1000000003499 11/27/2022 C3 11/27/2022 Book
          CENTRAL CENTRAL 11/27/2022   005.5 C392 2007 1000000005359 11/27/2022 C2 11/27/2022 CD
          CENTRAL CENTRAL 11/27/2022   005.5 C392 2007 1000000007930 11/27/2022 C5 11/27/2022 CD
          CENTRAL CENTRAL 11/27/2022   005.5 C392 2007 1000000007928 11/27/2022 C6 11/27/2022 CD